000 00979nas a2200265Ia 4500
001 R111/44661
003 IT-RoPAU
008 151124c99999999xx |||||||||||| ||und||
040 _aIT-RoPAU
040 _cIT-RoPAU
041 _aITALIANO
100 _aAA.VV.
_gCodice Aut. SPICS: 12000
210 _aCOMUNICAZIONE DI MASSA (SUGARCO)
222 _aComunicazione Di Massa (Sugarco)
245 _aCOMUNICAZIONE DI MASSA (SUGARCO), ANNO 01-VOL.2 (1980)
_bComunicazione di Massa (Sugarco), Anno 01-Vol.2 (1980)
250 _a1a ed.
260 _aMILANO
_bSUGARCO
_c1980
501 _bPaulus - SPICS - Società San Paolo EM (non-commercial uses only)
_cCopyright2015
300 _a142 p.
310 _aQUADRIMESTRALE
362 _aANNO 001, VOL.2 (1980)
500 _aSaggi-Di-Autori-Vari-Sul-Groviglio-Della-Televisione Documentazione-Bibliografica-Sulla-Comunicazione-In-Generale-Radio-E-Televisione
650 _aCOMUNICAZIONE
_vPUBBLICAZIONE PERIODICA
942 _cCR
999 _c110400
_d110400